1088 1798 1938 1838 1225 1672 1753 1760 1182 1180 1847 1145 1651 1808 1759 1334 1353 1879 1004 1059 1436 1657 1083 1889 1272 1613 1434 1933 1663 1954 1839 1269 1420 1483 1865 1655 1272 1490 1728 1621 1447 1118 1993 1968 1792 1077 1208 1822 1495 1052 1847 1661 1018 1474 1528 1746 1329 1857 1916 1977 1745 1337 1401 1581 1464 1256 1340 1428 1067 1105 1998 1572 1716 1648 1252 1339 1677 1950 1836 1975 1163 1609 1148 1863 1941 1812 1820 1265 1813 1167 1536 1061 1182 1291 1541 1317 1496 1208 1965 BCNSPRNW ULIB Ver.6.0+V

เปลี่ยนเป็นภาษาไทย

Change to English
 แสดงรายละเอียดบรรณานุกรม
  กลับหน้าหลัก

Brief Record : Get Marc (ISO 2709) : E-mail record : QR code < ปิดหน้าต่าง
LEADER : 00000nam 2200000uu 4500
001    13399113418
003     ULIB
008    110627s2553||||th 000 0 tha d
020    9786165000352
090    นว.^bม377พ 2553
100 0  มัลลิกา,นามแฝง
245 00 เพลิงเสน่หา มนตราทะเลทราย/^cมัลลิกา
250    พิมพ์ครั้งที่ 1
260    กรุงเทพฯ :^bพิมพ์คำ,^c2553
300    336 หน้า
710 1  พิมพ์คำ
945    ^p230^l0^i028043
995    ทศพร
999 ^a ใช้งานได้ทุกระบบ
รายการนี้ยังไม่มีแท็ก
คุณยังไม่ได้ล็อกอิน คุณสามารถมีกิจกรรมร่วมกับเว็บไซต์ได้ แต่ต้องล็อกอินก่อน ::
  ล็อกอิน

รายการสื่อสารสนเทศ

ลำดับที่ ประเภท เลขเรียก/บาร์โค้ด สถานที่ สถานะ
1. นวนิยาย
นวนิยาย
นว. ม377พ 2553 ฉ.1 
  Barcode: 028043
ห้องสมุดวิทยาเขตสวรรค์ประชารักษ์
►นวนิยาย
บนชั้น
  ขอยืม

BibComment


ยังไม่เคยถูกคอมเมนท์

คอมเมนท์ทรัพยากรรายการนี้
  คอมเมนท์: เพลิงเสน่หา มนตร..


 Copyright 2026. Bcnsprnw @Library